| 000 | 00615nam a2200181 a 4500 | ||
|---|---|---|---|
| 005 | 20230523063645.0 | ||
| 008 | 991125m19641973mx 000 0 spa u | ||
| 035 | _aUPN01000017158 | ||
| 049 | _aCG | ||
| 050 | 4 |
_aLB45 _bF8.3 |
|
| 100 | 1 |
_aFuente Chicoséin, Julio de la, _d1905-1970 _930203 |
|
| 245 | 1 | 0 |
_aEducación, antropología y desarrollo de la comunidad / _cJulio de la Fuente ; introd. de Gonzalo Aguirre Beltrán. |
| 260 |
_aMéxico : _bINI : _bSEP, _c1964 (1973 impr.). |
||
| 300 | _a315 p. | ||
| 440 | 0 |
_aSEP-INI. _pAntropologia social ; _v4 |
|
| 650 | 2 |
_aAntropología educacional _94781 |
|
| 905 | _aLibro | ||
| 999 |
_c17158 _d17158 |
||